Quizzes
Events
Quiz Creation
Community
Videos
Private Events
Remove Ads
Sign In
Join for FREE
Feedback
Dark Mode
Quiz Categories
Sports
Geography
Music
Movies
Television
Just For Fun
Miscellaneous
History
Literature
Language
Science
Gaming
Entertainment
Religion
Holiday
For Kids
Quiz Lab
Recent
Popular Today
Quiz Kudos Today
Editor Picks
Curator Picks
Quizzes by...
Day
Popularity
Type
Ratings
Length
Year
Community
Subscriptions
Recent Discussions
Orange Saloon
Badges
Playlists
Quests
Create
Leaderboards
Showdown
Live 5
Trivia Bingo
Activity
Puzzle Library
Sporcle Events
Private Events
Virtual Trivia
Globe League
Become a Host
Pub Owners
SporcleCon
Opinionation
Our Games
Videos
Blog
Mobile Apps
Partnerships
Remove Ads and Go Orange
Feedback
Music
Pop Music
The Beatles
Song
Album
Lyrics
Bands
Singers
Artist
Clip
Rock
Rap
Classical
Billboard
Country Music
Kpop
Taylor Swift
Music
Pop Music
The Beatles
Song
Album
Lyrics
Bands
Singers
Artist
Clip
Rock
Rap
Classical
Billboard
Country Music
Kpop
Taylor Swift
Random Quiz
Search Sporcle
×
Quiz Lab
Quiz Lab
Music
Country
Type in answers that appear in a list
Type in answers that appear in a list
Classic
Best Score? Go Orange.
Country by Composer 2 Stats
Can you name the countries these composers were born in?
By
henstud
5m
24 Questions
190 Plays
190 Plays
190 Plays
Comments
Comments
Give Quiz Kudos
Give Quiz Kudos
-
- Ratings
hide this ad
More Info
Forced Order
Answers have to be entered in order
Answers have to be entered in order
Replay
Link that replays current quiz
Next Quiz
Link to next quiz in quiz playlist
You Got
0%
They Got
Avg Score
69%
Avg Friend Score
Upgrade to see
Score Distribution
Jump to the score distribution portion of the page
Score
0/24
Timer
05:00
0
Plays Today
Composer
Country
% Correct
Giuseppe Verdi
Italy
98.4%
Igor Stravinsky
Russia
96.8%
Franz Schubert
Austria
96.3%
Johannes Brahms
Germany
93.7%
Francis Poulenc
France
93.2%
Sergei Prokofiev
Russia
87.9%
Richard Strauss
Germany
84.7%
Toru Takemitsu
Japan
83.2%
Richard Wagner
Germany
83.2%
Joaquin Rodrigo
Spain
81.6%
Leonard Bernstein
USA
78.9%
Tan Dun
China
73.7%
Composer
Country
% Correct
Gustav Holst
UK
72.6%
Carl Orff
Germany
67.9%
Arthur Sullivan
UK
67.9%
Carl Nielsen
Denmark
64.7%
Heitor Villa-
Lobos
Brazil
57.9%
George Enescu
Romania
53.7%
Willem Pijper
Netherlands
51.1%
Marcos Antonio da Fonseca
Portugal
46.8%
Cesar Franck
Belgium
44.7%
Astor Piazzolla
Argentina
44.7%
Franz Berwald
Sweden
24.2%
Frank Martin
Switzerland
18.9%
Quiz Playlist
Details
Report
Send in Message
Add To Playlist
More Info:
Check out the original 'Composer Country' quiz if you enjoyed this one!
Classic:
Type in answers that appear in a list
Forced Order:
Answers have to be entered in order
Last Updated: Feb 16, 2017
Quiz Scoreboard
CHALLENGE
Sign Up to Join the Scoreboard
Show All
Scores
Hide
Comments
May contain spoilers
Recently Published
Movies - When Are They Set?
by FPL_Elf
Movies
5m
Popular People in 1961
by mucciniale
History
6m
1-10 Letter E Words III
by El_Dandy
Language
2m
More to Explore
Quiz From the Vault
Featured Blog Post
Where Did the Easter Bunny Come From?
hide this ad
You Might Also Like...
Tags
Country Quiz
Born
Composer
Today's Top Quizzes in Music
Browse Music
hide this ad
Today's Top Quizzes in Country
Browse Country
Top Contributed Quizzes in Music
1
Taylor Swift All Songs (2024)
2
2010s Album by Cover III
3
One Thing in Common: Music
4
Guess the Artist- 70s Songs
5
Taylor Swift Logic Puzzle
6
Guess the Taylor Swift song (Mystery Song)
7
2010s Album by Cover IV
8
2010s Album by Cover V
9
KPOP LOGIC QUIZ
10
2010s Album by Cover VI
Explore More
Trending Topics
NBA
Disney
Kpop
Anime
Marvel
Crossword
Harry Potter
Country
WWE
Pokémon
Song
NFL
Puzzle
Soccer
The Office
hide this ad
More By:
henstud
Quiz
Plays
Rating
Category
Featured
Created
4-Letter Capitals
287,016
4.48
Geography
Sep 28, 2009
5-Letter Capitals
183,666
4.49
Geography
Sep 28, 2009
Country by Composer
78,521
4.36
Music
Sep 25, 2009
6-Letter Capitals
74,427
4.64
Geography
Sep 30, 2009
ASOIAF Characters and their Injuries
5,420
3.15
Literature
Jul 14, 2013
Go to Creator's Profile
Score Distribution
Quiz Creator Spotlight
henstud
Follow
Send a Message
Quizzes Created
-
Created Quiz Play Count
-
More By This Creator
Popular Quizzes Today
1
Find the US States - No Outlines Minefield
2
Find the Countries of Europe - No Outlines Minefield
3
The Countries of the World
4
Popular People in 1961
5
1-10 Letter E Words III
6
US States
7
Find the US States
8
One Thing in Common: World Cities II
More Music Quizzes
Do we have the same Bias?
Quiz Lab
Trending Quizzes
Risky Map Clicking: Least Populous States A-Z
1-10 Letter F Words
Humor Books: The Subtitles
1-10 Letter G Words
One Thing in Common: United Kingdom
Recently Updated
Leaping Animals
pecheneg
Reality TV Shows (A-Z)
bhenderson79
Rickey Henderson's Hall of Fame Teammates
pecheneg
Champions League XIs: Arsenal
pecheneg
Quick Pick: Celebrities in WWE's Hall of Fame
aduchscher
A-Z Keypad Blitz II
pecheneg
Multiple Oscar Actors
pecheneg
Mystery Phrase Blitz: Oscar 'Best Actors'
pecheneg
F. Scott Fitzgerald Novels
LTH
Pick 3 Villains
ddd62291
Trending Topics
Anime
NBA
Disney
Harry Potter
Crossword
Marvel
Kpop
Song
Pokémon
WWE
The Office
Country
Soccer
NFL
Puzzle
Your Account Isn't Verified!
In order to create a playlist on Sporcle, you need to verify the email address you used during registration. Go to your
Sporcle Settings
to finish the process.
Report this User
Report this user for behavior that violates our
Community Guidelines
.
Details:
Send Report
Go to the Sporcle.com Mobile Site →
Comments